A record of the war ... (Record no. 552738)
[ view plain ]
| 000 -LEADER | |
|---|---|
| fixed length control field | 00673cam a22001691 4500 |
| 082 00 - DEWEY DECIMAL CLASSIFICATION NUMBER | |
| Classification number | 940.54 |
| Author Mark | GRA |
| 100 1# - MAIN ENTRY--PERSONAL NAME | |
| Personal name | Storrs, Ronald, |
| 9 (RLIN) | 50003 |
| 245 12 - TITLE STATEMENT | |
| Title | A record of the war ... |
| 260 ## - PUBLICATION, DISTRIBUTION, ETC. | |
| Place of publication, distribution, etc. | London, |
| Name of publisher, distributor, etc. | Hutchinson |
| Date of publication, distribution, etc. | [1940] |
| 300 ## - PHYSICAL DESCRIPTION | |
| Extent | 24 v., plates, ports., maps (part fold.) 19 cm. |
| 500 ## - GENERAL NOTE | |
| General note | Each vol. covers a 3 month period: the first two covering the 1st and 2d quarters, Sept. 1939-Feb. 1940, being written by Sir Ronald Storrs, the remaining 22 v., Mar. 1940-Sept. 1945 by Philip Graves. |
| 526 ## - STUDY PROGRAM INFORMATION NOTE | |
| Program name | 0 |
| Interest level | 0 |
| Reading level | 0 |
| Title point value | 940_540000000000000_GRA |
| 650 #0 - SUBJECT ADDED ENTRY--TOPICAL TERM | |
| Topical term or geographic name entry element | MCE |
| 9 (RLIN) | 379 |
| 650 #0 - SUBJECT ADDED ENTRY--TOPICAL TERM | |
| Topical term or geographic name entry element | World War, 1939-1945. |
| 9 (RLIN) | 28174 |
| 700 1# - ADDED ENTRY--PERSONAL NAME | |
| Personal name | Graves, Philip P. |
| 9 (RLIN) | 46194 |
| 942 ## - ADDED ENTRY ELEMENTS (KOHA) | |
| Source of classification or shelving scheme | |
| Koha item type | Book |
| Withdrawn status | Lost status | Source of classification or shelving scheme | Damaged status | Not for loan | Permanent Location | Current Location | Shelving location | Date acquired | Total Checkouts | Full call number | Barcode | Date last seen | Price effective from | Koha item type |
|---|---|---|---|---|---|---|---|---|---|---|---|---|---|---|
| Military College of Engineering (MCE) | Military College of Engineering (MCE) | 01/21/2015 | 940.54 GRA | MCE-ECR/107.1 | 01/21/2015 | 01/21/2015 | Book |
